000 00656nam a2200241Ia 4500
003 OSt
005 20221007101038.0
006 a|||||r|||| 00| 0
007 ta
008 221006b |||||||| |||| 00| 0 eng d
024 _a5,719
037 _cTextual
040 _aLCO
_cLCO
_beng
041 _2eng
_aeng
082 _aZ2,9298, K7
100 _aShukla S.N.
_9259263
245 0 _aJudicial Control of Administration Process
260 _aLucknow
_bParkashan Kendra India
_c1967
300 _a360+xix+19
650 _aADMINISTRATION PROCESS
_9702521
942 _hZ2,9298, K7
_cTEXL
999 _c1175282
_d1175282